000 00614cam a22002173a 4500
001 37103
003 PGUSA
005 20140828083820.0
008 110816s2011||||xxu|||||s|||||000 | eng d
040 _aPGUSA
_beng
042 _adc
100 1 _aDürer, Albrecht,
_d1471-1528
245 1 0 _aOf the Just Shaping of Letters
_h[electronic resource] /
_cAlbrecht Dürer
260 _bProject Gutenberg,
_c2011
506 _aPublic domain in the USA.
516 _aElectronic text
700 1 _aNichol, R. T.
830 0 _aProject Gutenberg
_v37103
856 4 0 _uhttp://www.gutenberg.org/ebooks/37103
942 _cEB
999 _c266358
_d266358